Democracy and electoral politics in Zambia (Record no. 63424)

MARC details
000 -LEADER
fixed length control field 01448nam a2200277 a 4500
008 - FIXED-LENGTH DATA ELEMENTS--GENERAL INFORMATION
fixed length control field 210810s2020 ||||||||||||||||| || u
020 ## - INTERNATIONAL STANDARD BOOK NUMBER
International Standard Book Number 9789004425026
050 ## - LIBRARY OF CONGRESS CALL NUMBER
Classification number JQ 2831 Dem
100 ## - MAIN ENTRY--PERSONAL NAME
Personal name Hinfelaar, Marja
245 10 - TITLE STATEMENT
Title Democracy and electoral politics in Zambia
Statement of responsibility, etc. Edited by Tinenenji Banda; O'Brien Kaaba; Marja Hinfelaar; Muuna Ndulo
260 ## - PUBLICATION, DISTRIBUTION, ETC.
Place of publication, distribution, etc. Boston
Name of publisher, distributor, etc. Brill
Date of publication, distribution, etc. 2020
300 ## - PHYSICAL DESCRIPTION
Extent xi, 373 pages : illustrations
490 ## -
-- Afrika-Studiecentrum Series
490 ## -
-- 40
650 ## - SUBJECT ADDED ENTRY--TOPICAL TERM
Topical term or geographic name entry element DEMOCRACY
650 ## - SUBJECT ADDED ENTRY--TOPICAL TERM
Topical term or geographic name entry element ELECTIONS
650 ## - SUBJECT ADDED ENTRY--TOPICAL TERM
Topical term or geographic name entry element ZAMBIA
700 ## - ADDED ENTRY--PERSONAL NAME
Personal name Banda, Tinenenji
700 ## - ADDED ENTRY--PERSONAL NAME
Personal name Ndulo, Muna
700 ## - ADDED ENTRY--PERSONAL NAME
Personal name Kaaba, O'Brien
995 ## -
-- SPECIAL COLLECTIONS
-- 67.00
-- 751134
-- CBU-MAIN LIBRARY (Kitwe)
-- ZAM JQ 2831 Dem
-- 2
-- AVAILABLE
-- Aug 10, 2021
-- 751134
-- Zambiana Collection
995 ## -
-- MAIN LIBRARY OPEN ACCESS
-- 67.00
-- 751135
-- CBU-MAIN LIBRARY (Kitwe)
-- JQ 2831 Dem
-- 3
-- AVAILABLE
-- Aug 10, 2021
-- 751135
-- Main Library Open Access Collection
995 ## -
-- MAIN LIBRARY OPEN ACCESS
-- 67.00
-- 751137
-- CBU-MAIN LIBRARY (Kitwe)
-- JQ 2831 Dem
-- 5
-- AVAILABLE
-- Aug 10, 2021
-- 751137
-- Main Library Open Access Collection
995 ## -
-- MAIN LIBRARY OPEN ACCESS
-- 67.00
-- 751136
-- CBU-MAIN LIBRARY (Kitwe)
-- JQ 2831 Dem
-- 4
-- AVAILABLE
-- Aug 10, 2021
-- 751136
-- Main Library Open Access Collection
995 ## -
-- SPECIAL COLLECTIONS
-- 67.00
-- 751133
-- CBU-MAIN LIBRARY (Kitwe)
-- ZAM JQ 2831 Dem
-- 1
-- AVAILABLE
-- Aug 10, 2021
-- 751133
-- Zambiana Collection
999 ## -
-- 63424
-- 63424
Holdings
Withdrawn status Lost status Source of classification or shelving scheme Damaged status Not for loan Permanent Location Current Location Shelving location Date acquired Total Checkouts Full call number Barcode Date last seen Price effective from Koha item type
          CBU-MAIN LIBRARY, KITWE. CBU-MAIN LIBRARY, KITWE.   12/24/2022   ZAM JQ 2831 Dem 751134 12/24/2022 12/24/2022 MONOGRAPH
          CBU-MAIN LIBRARY, KITWE. CBU-MAIN LIBRARY, KITWE.   12/24/2022   JQ 2831 Dem 751135 12/24/2022 12/24/2022 MONOGRAPH
          CBU-MAIN LIBRARY, KITWE. CBU-MAIN LIBRARY, KITWE.   12/24/2022   JQ 2831 Dem 751137 12/24/2022 12/24/2022 MONOGRAPH
          CBU-MAIN LIBRARY, KITWE. CBU-MAIN LIBRARY, KITWE.   12/24/2022   JQ 2831 Dem 751136 12/24/2022 12/24/2022 MONOGRAPH
          CBU-MAIN LIBRARY, KITWE. CBU-MAIN LIBRARY, KITWE.   12/24/2022   ZAM JQ 2831 Dem 751133 12/24/2022 12/24/2022 MONOGRAPH